| 000 | 00317 a2200109 4500 | ||
|---|---|---|---|
| 020 | _a8186321683 | ||
| 082 | _a624 GUP | ||
| 100 | _aGupta,R. K. | ||
| 245 |
_aHandbook for Civil Engineers _cR. K. Gupta, Subhash Chander |
||
| 260 |
_aNew Delhi : _bShri Sunil Kumar Jain, _c2004 |
||
| 300 |
_axxix, 355p. : _bill. ; _c25 cm |
||
| 650 | _aCivil Engineering | ||
| 999 |
_c964 _d964 |
||